Statistics for Red Logos Quiz

Click here to take the quiz!

General Stats

  • This quiz has been taken 517 times
  • The average score is 10 of 12

Answer Stats

Answer% Correct
Coca-Cola
99%
Red Bull
96%
Marvel
93%
YouTube
90%
Netflix
85%
Superman
83%
Levi's
82%
Target
80%
Chick-fil-A
68%
Budweiser
59%
Vodafone
59%
Virgin
57%

Score Distribution

Percentile by Number Answered

Percent of People with Each Score

Your Score History

You have not taken this quiz